Catálogo
 En Linea

Yo, Ramfis Trujillo / (Registro nro. 20568)

Detalles MARC
000 -CABECERA
campo de control de longitud fija 02130nam a2200313 i 4500
001 - NÚMERO DE CONTROL
campo de control 000021065
003 - IDENTIFICADOR DEL NÚMERO DE CONTROL
campo de control DO-SdBNP
005 - FECHA Y HORA DE LA ÚLTIMA TRANSACCIÓN
campo de control 20241101145324.0
007 - CAMPO FIJO DE DESCRIPCIÓN FÍSICA--INFORMACIÓN GENERAL
campo de control de longitud fija ta
008 - DATOS DE LONGITUD FIJA--INFORMACIÓN GENERAL
campo de control de longitud fija 100830s2002 dr ac 001 0 spa d
020 ## - NÚMERO INTERNACIONAL ESTÁNDAR DEL LIBRO
Número Internacional Estándar del Libro 9993490040
040 ## - FUENTE DE LA CATALOGACIÓN
Centro catalogador/agencia de origen DO-SdBNP
Lengua de catalogación spa
Centro/agencia transcriptor BNPHU
Normas de descripción rda
041 ## - CÓDIGO DE LENGUA
Código de lengua del texto/banda sonora o título independiente spa
082 #4 - NÚMERO DE LA CLASIFICACIÓN DECIMAL DEWEY
Número de clasificación 972.93054
Número de documento/Ítem L579y 2002
Número de edición 22
100 1# - ENTRADA PRINCIPAL--NOMBRE DE PERSONA
Nombre de persona León Estévez, Luis José,
Fechas asociadas al nombre 1931-
Término indicativo de función/relación autor
Código de función/relación aut.
9 (RLIN) 2414
245 10 - MENCIÓN DE TÍTULO
Título Yo, Ramfis Trujillo /
Mención de responsabilidad, etc. Luis José León Estévez.
264 #4 - PRODUCCIÓN, PUBLICACIÓN, DISTRIBUCIÓN, FABRICACIÓN Y COPYRIGHT
Producción, publicación, distribución, fabricación y copyright Santo Domingo :
Nombre del de productor, editor, distribuidor, fabricante Letra Gráfica,
Fecha de producción, publicación, distribución, fabricación o copyright ©2002.
300 ## - DESCRIPCIÓN FÍSICA
Extensión 115 páginas :
Otras características físicas ilustraciones retratos ;
Dimensiones 22 cm.
336 ## - TIPO DE CONTENIDO
Término de tipo de contenido rdacontent
Código de tipo de contenido texto
Fuente txt
337 ## - TIPO DE MEDIO
Nombre/término del tipo de medio rdamedia
Código del tipo de medio sin mediación
Fuente n
338 ## - TIPO DE SOPORTE
Nombre/término del tipo de soporte rdacarrier
Código del tipo de soporte volumen
Fuente nc
500 ## - NOTA GENERAL
Nota general Incluye datos biográficos del autor en la solapa de la cubierta.
505 0# - NOTA DE CONTENIDO CON FORMATO
Nota de contenido con formato Yo, Ranfis Trujillo --
Título !Gracias General! --
-- Testimonio personal del autor --
-- Yo, Ramfis Trujillo --
-- ¿Qué bárbaro, ni siquiera aquí descansa! --
-- No quise ser vicepresidente --
-- Cumplo mi sueño: hacer la mejor Fuerza Aérea --
-- Hollywood: algunas artistas compartieron mi tiempo --
-- Mi patria entre el bisonte y el toro --
-- El entorno oficial de mi padre: buenos y malos --
-- El movimiento 14 de junio --
-- El asesinato de mi padre --
-- Tenia el poder, todo el poder --
-- Todos clamaban venganza --
-- Sí, fue un dictador -- La corrupción, que ahoga la modernización y decencia del país --
-- Lo que me llama es la tumba --
-- Párese a pelear --
-- Todo el mundo quería que siguiera la dictadura --
-- Empecé a destrujillizar el país --
-- La oposición no quería comprender --
-- Solo mi presencia impedía un golpe de estado --
-- Félix W. Bernadino asesinará al Dr. Balaguer --
-- Mi enfrentamiento con Johnny Abbes García --
-- Nunca pensé quedarme en el país --
-- Soy el responsable de esas muertes.
590 ## - NOTA LOCAL (RLIN)
Nota local Inventariado, 2019/MFF
600 14 - PUNTO DE ACCESO ADICIONAL DE MATERIA--NOMBRE DE PERSONA
Nombre de persona Trujillo Martínez, Rafael Leónidas (Ramfis),
Fechas asociadas al nombre 1929-1969
Subdivisión general Correspondencia, memorias, etc.
9 (RLIN) 1246
651 #4 - PUNTO DE ACCESO ADICIONAL DE MATERIA--NOMBRE GEOGRÁFICO
Nombre geográfico República Dominicana
Subdivisión general Historia
Subdivisión cronológica Era de Trujillo, 1930-1961
Subdivisión general Fuentes
9 (RLIN) 2416
910 ## - DATOS DE OPCIÓN DEL USUARIO (OCLC)
Datos de opción del usuario Validado. Control de calidad MMOLINA
942 ## - ELEMENTOS DE PUNTO DE ACCESO ADICIONAL (KOHA)
Fuente del sistema de clasificación o colocación Dewey Decimal Classification
Tipo de ítem Koha Libro
Existencias
Estado de retiro Estado de pérdida Fuente del sistema de clasificación o colocación Restricciones de uso No para préstamo Código de colección Localización permanente Ubicación/localización actual Ubicación en estantería Fecha de adquisición Fuente de adquisición Signatura topográfica completa Código de barras Fecha visto por última vez Precio válido a partir de Tipo de ítem Koha Total de préstamos Número de copia Nota pública
    Dewey Decimal Classification Excluido de préstamo   Patrimonio Dominicano Biblioteca Nacional Pedro Henríquez Ureña Biblioteca Nacional Pedro Henríquez Ureña Depósito 30.08.2010 Depósito Legal BNPHU PD 972.93054 L579y 2002 21065-10 25.06.2020 25.06.2020 Libro      
    Dewey Decimal Classification Excluido de préstamo   Patrimonio Dominicano Biblioteca Nacional Pedro Henríquez Ureña Biblioteca Nacional Pedro Henríquez Ureña Depósito 17.01.2023 Donado BNPHU PD 972.93054 L579y 2002 2023-0209 17.01.2023 17.01.2023 Libro   e.2  
    Dewey Decimal Classification Préstamo en sala   Dominicana de Servicio Biblioteca Nacional Pedro Henríquez Ureña Biblioteca Nacional Pedro Henríquez Ureña Depósito 28.10.2024 Donado por la Presidencia de la República Dominicana 2023 BNPHU DS 972.93054 L579y 2002 2024-6230 28.10.2024 28.10.2024 Libro   e.3 Pertenecio a la biblioteca personal de Emilio Cordero Michel

Con tecnología Koha